000 00983cam a2200205 4500
001 L136344
008 070125n2005 000 0 eng u
035 _a(Sirsi) u136344
041 0 _aeng
050 0 4 _a333.336 $2 18
110 2 _aEC Harris
_94930
245 0 0 _aEuropean focus
_bon light industrial buildings
_h[electronic resource]
260 _aLondon
_bEC Harris
_c2005
520 _aDiscusses how the manufacturing sector in Europe has been affected in recent years by the relative strength of the Euro and the increasing propensity for industrialists to manufacture in third world countries. Predicts a recovery in the construction of industrial schemes. Graphs show industrial construction output between 2003 and 2006, and benchmark costs of light industrial buildings.
590 _aKA
651 4 _aEUROPEAN UNION
690 _aPROPERTY-INDUSTRIAL PROPERTY
856 4 0 _uhttps://www.echarris.com/
_zView the item free of charge at www.echarris.com...
942 _n0
999 _c106367
_d106367